LEADER 01927nam 2200625 a 450 001 9910463902203321 005 20200520144314.0 010 $a1-61300-087-1 010 $a1-61583-823-6 035 $a(CKB)3360000000000329 035 $a(EBL)3116727 035 $a(SSID)ssj0000509573 035 $a(PQKBManifestationID)12212402 035 $a(PQKBTitleCode)TC0000509573 035 $a(PQKBWorkID)10579295 035 $a(PQKB)11146198 035 $a(MiAaPQ)EBC3116727 035 $a(Au-PeEL)EBL3116727 035 $a(CaPaEBR)ebr10522382 035 $a(OCoLC)922966491 035 $a(EXLCZ)993360000000000329 100 $a20090123d2009 uy 0 101 0 $aeng 135 $aur|n|---||||| 181 $ctxt 182 $cc 183 $acr 200 00$aWater audits and loss control programs$b[electronic resource] 205 $a3rd ed. 210 $aDenver, Colo. $cAmerican Water Works Association$dc2009 215 $a1 online resource (302 p.) 225 1 $aAWWA manual ;$vM36 300 $aDescription based upon print version of record. 311 $a1-58321-631-6 320 $aIncludes bibliographical references and index. 327 $a""Contents""; ""Figures""; ""Tables""; ""Preface""; ""Acknowledgments"" 410 0$aAWWA manual ;$vM36. 606 $aWater consumption$xMeasurement 606 $aWater$xWaste$xMeasurement 606 $aWater leakage$xPrevention 606 $aLoss control 608 $aElectronic books. 615 0$aWater consumption$xMeasurement. 615 0$aWater$xWaste$xMeasurement. 615 0$aWater leakage$xPrevention. 615 0$aLoss control. 676 $a628.1/440287 712 02$aAmerican Water Works Association. 801 0$bMiAaPQ 801 1$bMiAaPQ 801 2$bMiAaPQ 906 $aBOOK 912 $a9910463902203321 996 $aWater audits and loss control programs$92209600 997 $aUNINA LEADER 03095oam 2200601I 450 001 9910164025803321 005 20230810002015.0 010 $a1-138-23343-9 010 $a1-315-30973-4 010 $a1-315-30971-8 024 7 $a10.4324/9781315309736 035 $a(CKB)3710000001049399 035 $a(MiAaPQ)EBC4803598 035 $a(OCoLC)974669107 035 $a(BIP)65159774 035 $a(BIP)57468953 035 $a(EXLCZ)993710000001049399 100 $a20180706e20171962 uy 0 101 0 $afre 135 $aurcnu|||||||| 181 $2rdacontent 182 $2rdamedia 183 $2rdacarrier 200 14$aLes anciens royaumes de la zone interlacustre meridionale$hPart XIV$iEast central Africa $e(Rwanda, Burundi, Buha) /$fM. d'Hertefelt, A. Trouwborst and J. Scherer 210 1$aLondon ;$aNew York :$cRoutledge,$d2017. 215 $a1 online resource (272 pages) 225 0 $aEthnographic Survey of Africa ;$vVolume 14 300 $aFirst published in 1962 by the International African Institute. 311 08$a1-138-23341-2 311 08$a1-315-30972-6 320 $aIncludes bibliographical references. 327 $aIntroduction Generale / J. Vansina -- Le Rwanda / M. D'Hertefelt -- Le Burundi / A.A. Trouwborst -- Le Buha / J.H. Scherer. 330 $aRoutledge is proud to be re-issuing this landmark series in association with the International African Institute. The series, published between 1950 and 1977, brings together a wealth of previously un-co-ordinated material on the ethnic groupings and social conditions of African peoples. Concise, critical and (for its time) accurate, the Ethnographic Survey contains sections as follows: Physical Environment Linguistic Data Demography History & Traditions of Origin Nomenclature Grouping Cultural Features: Religion, Witchcraft, Birth, Initiation, Burial Social & Political Organization: Kinship, Marriage, Inheritance, Slavery, Land Tenure, Warfare & Justice Economy & Trade Domestic Architecture Each of the 50 volumes will be available to buy individually, and these are organized into regional sub-groups: East Central Africa, North-Eastern Africa, Southern Africa, West Central Africa, Western Africa, and Central Africa Belgian Congo. The volumes are supplemented with maps, available to view on routledge.com or available as a pdf from the publishers. 410 0$aEthnographic survey of Africa.$pEast Central Africa ;$vVolume 14. 606 $aEthnology$zRwanda 606 $aEthnology$zBurundi 606 $aEthnology$zTanzania 607 $aRwanda$xCivilization 607 $aBurundi$xCivilization 615 0$aEthnology 615 0$aEthnology 615 0$aEthnology 676 $a967.571 700 $aHertefelt$b Marcel d'.$0243633 701 $aScherer$b J. H$0661685 701 $aTrouwborst$b A$01023159 801 0$bMiAaPQ 801 1$bMiAaPQ 801 2$bMiAaPQ 906 $aBOOK 912 $a9910164025803321 996 $aLes anciens royaumes de la zone interlacustre meridionale$92430629 997 $aUNINA